Score 0/16 Timer 04:00
2 Plays Today
Winning Party State/District % Correct
DemocratGeorgia
92.3%
RepublicanFlorida
90.8%
DemocratMichigan
89.4%
DemocratPennsylvania
88.9%
DemocratArizona
86.6%
DemocratWisconsin
84.7%
RepublicanOhio
83.1%
RepublicanNorth Carolina
82.4%
Winning Party State/District % Correct
RepublicanTexas
82.1%
DemocratNevada
81.6%
DemocratMaine
74.4%
RepublicanIowa
70.6%
DemocratMinnesota
69.1%
DemocratNew Hampshire
65.2%
DemocratNebraska's 2nd District
25.6%
RepublicanMaine's 2nd District
24.6%
Remove Ads.
Support Sporcle.
Get the best of Sporcle when you Go Orange. This ad-free experience offers more features, more stats, and more fun while also helping to support Sporcle. Thank you for becoming a member.

You're not logged in!

Compare scores with friends on all Sporcle quizzes.
OR
Log In

Show Comments

Extras

Top Quizzes Today


Score Distribution

Your Account Isn't Verified!

In order to create a playlist on Sporcle, you need to verify the email address you used during registration. Go to your Sporcle Settings to finish the process.

Report this User

Report this user for behavior that violates our Community Guidelines.

Details: